000 00633cam a22002293a 4500
001 27013
003 PGUSA
005 20140828083601.0
008 081024s2008||||xxu|||||s|||||000 1 eng d
040 _aPGUSA
_beng
042 _adc
050 4 _aPS
100 1 _aSimak, Clifford D.,
_d1904-1988
245 1 0 _aHellhounds of the Cosmos
_h[electronic resource] /
_cClifford D. Simak
260 _bProject Gutenberg,
_c2008
506 _aPublic domain in the USA.
516 _aElectronic text
653 _aScience fiction
830 0 _aProject Gutenberg
_v27013
856 4 0 _uhttp://www.gutenberg.org/ebooks/27013
942 _cEB
999 _c256268
_d256268